Представление документа в формате RUSMARC

ПолеНазваниеЗначение
  Тип записи c
  Библиографический уровень m
001 Контрольный номер RU/УОНБ/EK_N/524856161
005 Дата корректировки 20250520124558.9
010 Индекс ISBN __
9 Тираж 1450 экз.
013 Номер (ISMN) __
d Цена 30 к.
071 Издательские номер (звукозапись и ноты) 21
a Номер, присвоенный агентством 5202
100 Данные общей обработки __
a Данные общей обработки 20160818d1968 u y0rusy0189 ca
101 Язык документа 0_
a Язык текста rus
a Язык текста bak
f Язык титульного листа rus
f Язык титульного листа bak
102 Страна публикации __
a Страна публикации RU
105 Кодированные данные (монография) __
a Кодированные данные (монография) y###||||000|y
125 Кодированные данные звукозаписи и нотных изданий __
a Форма изложения нотного текста с|
128 Кодированные данные (звукозаписи-физические характеристики) __
a Кодированные данные: Музыкальная форма и тональность или лад zz
c Инструменты или голоса, рекомендуемые для солистов (устаревшее) vu||
200 Заглавие и сведения об ответственности 1_
a Заглавие Избранные произведения башкирских композиторов
e Сведения, относящиеся к заглавию для голоса с фп.
210 Выходные данные 1_
a Место издания Москва
c Издательство Советский композитор
d Дата издания 1968
215 Физическое описание __
a Объем 24 с.
d Формат 29 см
225 Серия 0_
a Серия Песни и романсы советских композиторов
300 Общие примечания __
a Общие примечания Текст на рус. и башк. яз.
327 Примечание о содержании 11
a Примечание о содержании Содерж.: Исмагилов З. Соловей / сл. Я. Кулмый ; Вечерняя Агидель / сл. Н. Наджми ; Твой первый взгляд / сл. К. Даяна. - Ахметов Х. Черемуха / сл. И. Абдулина ; Баллада о жизни / сл. М. Карима ; Волны, волны / сл. Ш. Биккола.
464 Аналитический уровень _0
1 700 1
a Исмагилов
b З.
1 702 1
a Кулмый
b Я.
4 520
1 2001
a Соловей
1 036
t Молодость проходит...
464 Аналитический уровень _0
1 700 1
a Исмагилов
b З.
1 702 1
a Наджми
b Н.
4 520
1 2001
a Вечерняя Агидель
1 036
t По безмолвным синим далям...
464 Аналитический уровень _0
1 700 1
a Исмагилов
b З.
1 702 1
a Даян
b К.
4 520
1 2001
a Твой первый взгляд
1 036
t Когда я встретил вдруг...
464 Аналитический уровень _0
1 700 1
a Ахметов
b Х.
1 702 1
a Абдулин
b И.
4 520
1 2001
a Черемуха
1 036
t Не раз в саду черемуха цвела...
464 Аналитический уровень _0
1 700 1
a Ахметов
b Х.
1 702 1
a Карим
b М.
4 520
1 2001
a Баллада о жизни
1 036
t Твердишь ты, что себя...
464 Аналитический уровень _0
1 700 1
a Ахметов
b Х.
1 702 1
a Биккола
b Ш.
4 520
1 2001
a Волны, волны
1 036
t Волн речных плеск...
606 Тематические рубрики 0_
a Основная рубрика Песни и романсы советских композиторов
y Географическая подрубрика Башкортостан
610 Ключевые слова 0_
a Ключевые слова песни и романсы советских композиторов
686 Индексы других классификаций __
a Классификационный индекс 85.943.4-42-041(2)я43
2 Код системы rubbk
801 Источник записи _0
a Страна RU
b Организация Ульяновская ОНБ
c Дата составления 20160818
g Правила каталогизации RCR
801 Источник записи _1
a Страна RU
b Организация Ульяновская ОНБ
c Дата составления 20160818
g Правила каталогизации RCR
901 Тип документа __
t Тип документа m
909 Создатель записи __
a Создатель записи Никитина Т. А.
910 Корректоры записи __
a Корректор записи Никитина Т. А.
b Дата внесения изменения в запись 20241029
938 Служебная информация __
a Имя БД noti
b Имя библиотеки УОНБ
c Имя АИБС МАРК-SQL
d Номер DOC_ID в БД 14992